00549 2200181 4500001002100000005001500021035002000036007000300056008004100059082001300100084001900113100001700132245004500149260002700194300002000221500011500241990001100356INLIS00000000000744220210318100727 a0010-0321000812ta210318 f 0 ind  aR.028.55 aR.028.55 ALI s0 aALI, Muakhir1 a100 Kisah Setelah Tidur 3 /cAli Muakhir aCimahi :b[s.n],c2020 ajil.3 ;c30 cm. aDialihhurufkan oleh: Kementerian Sosial Republik Indonesia Balai Literasi Braille Indonesia (BLBI) "Abiyoso" aD015 a